000
00257 a2200109 4500
001
75349
005
20260115170921.0
090
_a
75349
100
_a
20260115 pory50
200
_a
Uma história de xadrez
_f
Stefan Zweig
210
_c
Guerra & Paz
_d
2022
942
_c
MON